000 00584nam a2200181 4500
001 145425
003 ES-MaACL
005 20230906201229.0
007 t|
008 070214s1965 mx r ||||1| spa d
100 1 _aStephen, Karin.
_9108105
245 1 0 _aPsicoanálisis y Medicina
_b: el deseo de enfermarse /
_cpor Karin Stephen ; [traducción... de Florentino Torner].
250 _a1ª ed.
260 _aMéxico :
_bJoaquín Mortiz,
_c1965 (
_fImp. Americana)
300 _a266 p. ;
_c19 cm.
700 0 _aTorner, Florentino M.
_9110662
852 _aES-MaACL
_jE-9597
_bR.93715
999 _c145425
_d145425